00817nab a2200229 uc450000100070000000500170000700800410002403500110006503500210007604000130009704100080011010000420011824500700016065000380023065000300026865000250029865000260032365000320034965000300038165000390041177301370045071605120240301090801.0020126s2000 spa  a716051 a(OCoLC)819930312 ccomduadb aspa10aToussaint Alcaraz, Florence4auteaut14aLas campanas electorales del 2000 en television. El caso mexicano aCampañas electorales - México aTelevisión y política aPropaganda electoral aPropaganda política aNoticieros por televisión aElecciones - Mexico, 2000 7aComunicación en política2lemb0 tRevista Mexicana de Ciencias Políticas y Sociales (México)gVol. 44, No. 180, Sep.-Dic. 2000, p. 39-64w197200x0185-1918086550